书目信息 |
| 题名: |
英汉毒理学词典
|
|
| 作者: | 江泉观 主编 | |
| 分册: | ||
| 出版信息: | 北京 化学工业出版社 1995.09 |
|
| 页数: | 329页 | |
| 开本: | 32开 | |
| 丛书名: | ||
| 单 册: | ||
| 中图分类: | R99-61 | |
| 科图分类: | 5 | |
| 主题词: | 毒理学 | |
| 电子资源: | ||
| ISBN: | 7-5025-1526-7 | |
| 000 | 00570nam0 2200205 45 | |
| 001 | 0010061566 | |
| 005 | 20001006154150.3 | |
| 010 | @a7-5025-1526-7@d20.00元 | |
| 100 | @a20001006d1995 km y0chiy0120 ea | |
| 101 | 0 | @achi |
| 105 | @a z 000yy | |
| 200 | 1 | @a英汉毒理学词典@AYing Han Du Li Xue Ci Dian@f江泉观 主编@FJiang Quan Guan Zhu Bian |
| 210 | @a北京@c化学工业出版社@d1995.09 | |
| 215 | @a329页@d32开 | |
| 606 | 0 | @a毒理学 |
| 690 | @aR99-61@v3 | |
| 692 | @a5 | |
| 701 | 0 | @a江泉观@4主编 |
| 801 | @aCN@bPftUser@c20001006 | |
| 905 | @b168188-192@dR99-61@eJ276@f5 | |
| 英汉毒理学词典/江泉观 主编.-北京:化学工业出版社,1995.09 |
| 329页;32开 |
| ISBN 7-5025-1526-7:20.00元 |
| ● |
| 相关链接 |
|
|
|
正题名:英汉毒理学词典
索取号:R99-61/J276
 
预约/预借
| 序号 | 登录号 | 条形码 | 馆藏地/架位号 | 状态 | 备注 |
| 1 | 168188 | 201681885 | 自科库401/401自科库 23排3列5层/ [索取号:R99-61/J276] | 在馆 | |
| 2 | 168189 | 201681894 | 自科库401/401自科库 23排3列5层/ [索取号:R99-61/J276] | 在馆 | |
| 3 | 168190 | 201681901 | 自科库401/401自科库 23排3列5层/ [索取号:R99-61/J276] | 在馆 | |
| 4 | 168191 | 201681910 | 自科库401/401自科库 23排3列5层/ [索取号:R99-61/J276] | 在馆 | |
| 5 | 168192 | 201681929 | 自科库401/401自科库 23排3列5层/ [索取号:R99-61/J276] | 在馆 |